Gaming Quiz

Random Gaming Quiz

Name of best games eveh Quiz Stats

 Plays Quiz not verified by Sporcle

Challenge
Share
Tweet
Embed
Score 0/6 Timer 02:00
0 Plays Today
UH DUH BRUH Awesome Games % Correct
Blocky Blocky Player Made Games!Minecraft
83.8%
If you got 4. Awesome Game. You are wrong.sporcle
78.4%
These Are hints.... UH DUH BRUH:BRUH TIME
18.9%
Magik and PerrratesPirate 101
18.9%
Magik and Battle!League of Legends
16.2%
Above Hint: The Website we are on.Lawl
10.8%

You're not logged in!

Compare scores with friends on all Sporcle quizzes.
OR
Log In

You Might Also Like...

Show Comments

Extras

Created Dec 1, 2014ReportNominate

Top Quizzes Today


Score Distribution

Your Account Isn't Verified!

In order to create a playlist on Sporcle, you need to verify the email address you used during registration. Go to your Sporcle Settings to finish the process.

Report this User

Report this user for behavior that violates our Community Guidelines.

Details: